000 00427nam a2200097Ia 4500
008 180130s9999 xx 000 0 und d
245 _cHopp, Doreet
_aCreativity and play in the shadow of war: a discussion of The Notebook by Agota Kristof
260 _c2014
300 _aBook title: Play : psychoanalytic perspectives, survival and human development--Acession number C18636; pages 103-114
650 _aPLAY--PSYCHOLOGICAL ASPECTS
999 _c354509
_d354509